000 00636 a2200241 4500
005 20260406123957.0
008 260403b |||||||| |||| 00| 0 eng d
020 _a9789364441223
_cRs. 1150.00
040 _aMAIN
082 _a658.0072
_bS34B(14)
100 _aSchindler, Pamela S
245 _aBusiness research methods
250 _a14th
260 _bMcGraw Hill Education (India)
_aChennai
_c2026
300 _axxix, 662
650 _aManagement
650 _aGeneral Management
650 _aResearch Methods
650 _aBusiness Research
700 _aGumte, Kapil
700 _aMaheshwari, Pratik
942 _cBK
999 _c396979
_d396979